S létem zpívám moderato beat /

Hlavní autor: Macourek, Harry, 1923-1992
Další autoři: Dvořák, Milan, 1934-, Růžička, Jaroslav, textař, Pokorný, Václav, 1918-2011, Klinger, Viktor, Krotil, Zdeněk, 1926-1984, Rada, Petr, 1932-2007
Jazyk: Čeština
Vydáno: Praha : Panton, 1970
Vydání: 1. vyd
Edice: Hrajeme k tanci
Fyzický popis: 14 hlasů
Hudebniny Hudebniny
Uloženo v:
LEADER 01295ncm a22003252a 4500
001 001139757
003 CZ BrMZK
005 20140506150801.0
007 qu
008 110301s1970 xr |||||||||||||||||cze d
040 |a BOA001  |b cze 
072 7 |a 784  |x Vokální hudba  |2 Konspekt  |9 9 
100 1 |a Macourek, Harry,  |d 1923-1992  |7 jn19990009921  |4 cmp 
245 1 0 |a S létem zpívám  |h [hudebnina] :  |b moderato beat /  |c hudba Karel Macourek, Milan Dvořák ; text Jaroslav Růžička ; arrang. Zdeněk Krotil. Dlouhé čekání : slow beat / hudba Viktor Klinger ; text Petr Rada ; arrang. Václav Pokorný 
250 |a 1. vyd 
260 |a Praha :  |b Panton,  |c 1970 
300 |a 14 hlasů 
490 1 |a Hrajeme k tanci ;  |v 64 
700 1 |a Dvořák, Milan,  |d 1934-  |7 jn19981000863  |4 cmp 
700 1 |a Růžička, Jaroslav,  |c textař  |4 lyr 
700 1 |a Pokorný, Václav,  |d 1918-2011  |7 ola2002108019  |4 arr 
700 1 |a Klinger, Viktor  |7 mzk2014819512  |4 cmp 
700 1 |a Krotil, Zdeněk,  |d 1926-1984  |7 jk01063455  |4 arr 
700 1 |a Rada, Petr,  |d 1932-2007  |7 ola2004254058  |4 lyr 
740 0 2 |a Dlouhé čekání 
830 0 |a Hrajeme k tanci 
910 |a BOA001  |b Mus3-0654.667 
990 |a MU 
991 |b 201103 
996 6 |b 2619456602  |c Mus3-0654.667  |l MZK  |r Sklad / do 1 hodiny  |n 0  |w 001171512  |u 000010  |a 1  |e BOA001  |j MZK50  |s P